000
00302nam a22001337a 4500
008
171023b xxu||||| |||| 00| 0 eng d
020
_a
9780534463250
041
_a
eng
080
_2
12TH
_a
311
100
_a
55
101
_a
STA
245
_a
PROBABILITY AND STATISTICS
_c
BEAVER,B,M
942
_2
udc
_c
BK
999
_c
35497
_d
35497